History Quiz

Random History or Clickable Quiz

1940s Match-Up Quiz Stats

Quiz Updated Sep 10, 2014

Also try: 1930s Match-Up
Challenge
Share
Tweet
Score 0/36 Timer 05:00
2 Plays Today
% Correct
Winston
99.2%
Ernest
98.5%
Pearl
98.3%
Frank
97.9%
Mahatma
97.8%
Agatha
97.6%
Nineteen
96.8%
Joe
96.6%
Benito
96.5%
Citizen
96.5%
Iron
96.5%
Manhattan
96.3%
Third
95.8%
Nuremberg
95.4%
Orson
95.2%
Pippi
95%
Anne
94.8%
Iwo
93.8%
% Correct
USS
92%
Mao
90.9%
Truman
88.8%
Eva
88.3%
Laurence
87.8%
Film
87.5%
Andrews
87.3%
Zoot
85.4%
Enola
84.9%
Dizzy
83.9%
Chiang
83.7%
Jean-Paul
81.4%
Erwin
78.1%
Jawaharlal
77.6%
Hideki
74.4%
Kon
74.1%
Maginot
73.2%
Georgy
64.3%

You're not logged in!

Compare scores with friends on all Sporcle quizzes.
Join for Free
OR
Log In

You Might Also Like...

Show Comments

Extras

Top Quizzes Today


Score Distribution

Your Account Isn't Verified!

In order to create a playlist on Sporcle, you need to verify the email address you used during registration. Go to your Sporcle Settings to finish the process.

Report this User

Report this user for behavior that violates our Community Guidelines.

Details: